000 00517pab a2200181 454500
008 180718b2010 xxu||||| |||| 00| 0 eng d
100 _aKjaer, Ulrik
245 _aMunicipal amalgamations and the democratic functioning of local councils: The case of the Danish 2007 structural reform
260 _c2010
300 _ap.569-585.
362 _aAug
650 _aLocal government
700 _aOlsen, Asmus Leth
700 _aHjelmar, Ulf
773 _aLocal Government Studies
908 _aN
909 _a89812
999 _c89812
_d89812